Postcolonialism and development (Record no. 1708)

MARC details
000 -LEADER
fixed length control field 00435 a2200169 4500
001 - CONTROL NUMBER
control field 067850
003 - CONTROL NUMBER IDENTIFIER
control field OSt
005 - DATE AND TIME OF LATEST TRANSACTION
control field 20220106161837.0
008 - FIXED-LENGTH DATA ELEMENTS--GENERAL INFORMATION
fixed length control field
082 ## - DEWEY DECIMAL CLASSIFICATION NUMBER
Classification number 325.3
Item number M15P
100 1# - MAIN ENTRY--PERSONAL NAME
Personal name McEwan, Cheryl
245 1# - TITLE STATEMENT
Title Postcolonialism and development
Statement of responsibility, etc by Cheryl McEwan
260 ## - PUBLICATION, DISTRIBUTION, ETC. (IMPRINT)
Place of publication, distribution, etc London
Name of publisher, distributor, etc Routledge
Date of publication, distribution, etc 2009
300 ## - PHYSICAL DESCRIPTION
Extent 354p.
653 ## - INDEX TERM--UNCONTROLLED
Uncontrolled term Postcolonialism; Developing countries
942 ## - ADDED ENTRY ELEMENTS (KOHA)
Source of classification or shelving scheme Dewey Decimal Classification
Koha item type Books
Holdings
Withdrawn status Lost status Source of classification or shelving scheme Damaged status Not for loan Collection code Home library Current library Date acquired Source of acquisition Cost, normal purchase price Total Checkouts Full call number Barcode Date last seen Date checked out Price effective from Koha item type
    Dewey Decimal Classification     General Text Book Central University Of Rajasthan Central University Of Rajasthan 07/03/2012 ENG 1428.00 1 325.3 M15P 2137 21/11/2024 28/12/2023 02/09/2020 Books